Catálogo

QUINIENTOS AÑOS DE HISTORIA, SENTIDO Y PROYECCION (Registro nro. 57383)

Detalles MARC
000 -LEADER
fixed length control field 00888nam a2200217 a 4500
001 - CONTROL NUMBER
control field 57383
005 - DATE AND TIME OF LATEST TRANSACTION
control field 20180714053541.0
008 - FIXED-LENGTH DATA ELEMENTS--GENERAL INFORMATION
fixed length control field 140415s1991 mx 000 0 spa d
020 ## - INTERNATIONAL STANDARD BOOK NUMBER
International Standard Book Number 9681635914
041 ## - LANGUAGE CODE
Language code of text/sound track or separate title spa
082 ## - DEWEY DECIMAL CLASSIFICATION NUMBER
Classification number 980
Item number ZEA
245 00 - TITLE STATEMENT
Title QUINIENTOS AÑOS DE HISTORIA, SENTIDO Y PROYECCION
250 ## - EDITION STATEMENT
Edition statement 1a ed.
260 ## - PUBLICATION, DISTRIBUTION, ETC.
Place of publication, distribution, etc. MEXICO :
Name of publisher, distributor, etc. FONDO DE CULTURA ECONOMICA,
Date of publication, distribution, etc. 1991
300 ## - PHYSICAL DESCRIPTION
Extent 270
Dimensions 13.4 x 1 x 21
490 ## - SERIES STATEMENT
Series statement COLECCION TIERRA FIRME
500 ## - GENERAL NOTE
General note ZEA, LEOPOLDO; ES COMPILADOR DEL TEXTO
520 ## - SUMMARY, ETC.
Summary, etc. EN ESTE NUEVO VOLUMEN DE LA SERIE COORDINADA OPR LEOPOLDO ZEA, SE RECOGEN LAS OPINIONES VERTIDAS EN DICHO SIMPOSIO POR VARIOS DESTACADOS INTELECTUALES E HISTORIADORES LATINOAMERICANOS.
650 14 - SUBJECT ADDED ENTRY--TOPICAL TERM
Topical term or geographic name entry element AMERICA
General subdivision HISTORIA
-- SOCIOLOGIA
-- AMERICA LATINA
-- IDENTIDAD CULTURAL
-- LATINOAMERICA
-- LATINOAMERICA
-- HISTORIA
700 1# - ADDED ENTRY--PERSONAL NAME
Personal name ZEA, LEOPOLDO
Relator term coaut.
Existencias
Withdrawn status Lost status Source of classification or shelving scheme Damaged status Not for loan Collection code Home library Current library Shelving location Date acquired Source of acquisition Inventory number Total Checkouts Full call number Barcode Date last seen Date last checked out Price effective from Koha item type
    Dewey Decimal Classification     General Biblioteca Karol Wojtyla Biblioteca Karol Wojtyla Sala general 03/12/2013 Compra 151000000000000000038421 1 980 ZEA 86710 05/01/2026 28/08/2019 03/12/2013 Libro